How Does RICS decide when to investigate? (Record no. 121275)

MARC details
000 -LEADER
fixed length control field 01062nam a22002297a 4500
008 - FIXED-LENGTH DATA ELEMENTS--GENERAL INFORMATION
fixed length control field 221219s2020 xxk|||||o|||| 00| 0 eng d
041 ## - LANGUAGE CODE
Language code of text/sound track or separate title eng
110 ## - MAIN ENTRY--CORPORATE NAME
Corporate author Royal Institution of Chartered Surveyors
245 ## - TITLE STATEMENT
Title How Does RICS decide when to investigate?
Medium [Old edition]
250 ## - EDITION
Edition statement version 3
260 ## - PUBLICATION INFORMATION
Place of publication London,
Publisher Royal Institution of Chartered Surveyors,
Date 2020
300 ## - PHYSICAL DESCRIPTION
Physical description 6p.
500 ## - GENERAL NOTE
General note Version 3 with effect from 2 March 2020
520 ## - ABSTRACT
Abstract RICS refers to its professionals and regulated firms as ‘Regulated Members’. This document aims to help Regulated Members and anyone else who reports concerns to understand which types of concerns or <br/>allegations RICS is likely to investigate
650 ## - KEYWORDS
Keywords Regulation
650 ## - KEYWORDS
Keywords Professional Standards
650 ## - KEYWORDS
Keywords Misconduct
651 ## - SUBJECT ADDED ENTRY--GEOGRAPHIC NAME
Geographic name United Kingdom
710 ## - ADDED CORPORATE NAME
Added corporate author Royal Institution of Chartered Surveyors
856 ## - ONLINE RESOURCE
Uniform Resource Identifier <a href="https://www.rics.org/profession-standards/knowledge-and-information-services">https://www.rics.org/profession-standards/knowledge-and-information-services</a>
Public note To request a copy of this old edition please email [email protected]
942 ## - ADDED ENTRY ELEMENTS (KOHA)
Suppress in OPAC Do not suppress in OPAC
Holdings
Lost status Damaged status Not for loan Current library Date acquired Total Checkouts Date last seen Price effective from Koha item type
      Virtual 19/12/2022   19/12/2022 19/12/2022 Online material